Histoire des croisades /
محفوظ في:
المؤلف الرئيسي:
التنسيق: كتاب
اللغة: French
منشور في:
Paris :
Payot,
1957.
سلاسل:
Bibliothèque historique.
الموضوعات:
الوسوم: إضافة وسم
لا توجد وسوم, كن أول من يضع وسما على هذه التسجيلة!
رقم الطلب: D157 .R64 1957
| LEADER | 00520namaa2200205 4500 | ||
|---|---|---|---|
| 001 | 21158 | ||
| 003 | OSt | ||
| 005 | 20251130075511.0 | ||
| 008 | 130303s1957 fr 000 0 fre d | ||
| 040 | |c ARCE Library | ||
| 050 | 4 | |a D157 .R64 1957 | |
| 100 | 1 | |a Rousset, Paul, |e author | |
| 245 | 1 | 0 | |a Histoire des croisades / |c Paul Rousset. |
| 264 | 1 | |a Paris : |b Payot, |c 1957. | |
| 300 | |a 304 pages ; |c 23 cm. | ||
| 490 | 0 | |a Bibliothèque historique. | |
| 650 | 0 | |a Crusades. | |
| 901 | |a reviewed | ||
| 942 | |c BK |2 lcc | ||
| 999 | |c 18645 |d 18645 | ||
